Cities In Alberta - Sudden Death - Statistics

General Stats
  • This quiz has been taken 73 times
  • The average score is 15 of 23
Answers on the Grid
Answers color-coded by a green-red scale on the quiz's grid according to % correct below.
Airdrie
Antigonish
Beaumont
Brandon
Brooks
Calgary
Canmore
Chatham
Chestermere
Chilliwack
Cold Lake
Drumheller
Drummondville
Edmonton
Flin Flon
Fort McMurray
Fort Saskatchewan
Grand Falls-Windsor
Grande Prairie
Humboldt
Kamloops
Lacombe
Leduc
Lethbridge
Lloydminster
Markham
Medicine Hat
North Battleford
Okotoks
Oshawa
Red Deer
Saint John
Spruce Grove
St. Albert
Sylvan Lake
Wetaskiwin
 
Answer Stats
Answer % Correct
Calgary
93%
Canmore
79%
Edmonton
79%
Airdrie
76%
Drumheller
71%
Fort McMurray
69%
Fort Saskatchewan
69%
Lethbridge
69%
Medicine Hat
69%
Brooks
67%
Grande Prairie
67%
Red Deer
67%
Spruce Grove
67%
St. Albert
67%
Cold Lake
62%
Leduc
62%
Lacombe
60%
Lloydminster
60%
Beaumont
57%
Chestermere
57%
Sylvan Lake
57%
Wetaskiwin
55%
Okotoks
52%
No matching quizzes found
Score Distribution
Percent of People with Each Score
Percentile by Number Answered
Your Score History
You have not taken this quiz